00000000nam 2200000zi 4500
0019.934113
003CaOODSP
00520241128154403
006m     o  d f      
007cr |n|||||||||
008240219e198308  onc     or   f000 0|eng d
040 |aCaOODSP|beng|erda|cCaOODSP
043 |an-cn---
0861 |aC23-307/1983E-PDF
24500|aOriginal equipment : |bautomotive parts from Canada : part two.
264 1|aOttawa : |bGovernment of Canada, Industry, Trade and Commerce, and Regional Economic Expansion, |cAugust 1983.
300 |a1 online resource (43, 144 pages)
336 |atext|btxt|2rdacontent
337 |acomputer|bc|2rdamedia
338 |aonline resource|bcr|2rdacarrier
500 |aDigitized edition from print [produced by Innovation, Science and Economic Development Canada].
650 0|aAutomobiles|xParts|zCanada|vDirectories.
650 0|aAutomobile supplies industry|zCanada|vDirectories.
650 6|aAutomobiles|xPièces|zCanada|vRépertoires.
650 6|aAutomobiles|xÉquipement|xIndustrie|zCanada|vRépertoires.
655 7|aDirectories|2lcgft
655 7|aRépertoires|2rvmgf
7101 |aCanada. |bDepartment of Industry, Trade and Commerce, |eissuing body.
85640|qPDF|s1.91 MB|uhttps://publications.gc.ca/collections/collection_2024/isde-ised/c23/C23-307-1983-eng.pdf